| 000 | 02359nam0a2200445 4500 | ||
|---|---|---|---|
| 001 | RU\NLR\bibl\507477 | ||
| 005 | 20250609141652.0 | ||
| 010 |
_a5-9282-0142-7 _9200 |
||
| 021 |
_aRU _b2003-72992 _93619 |
||
| 035 | _aRSL-KNO-002396252 | ||
| 035 | _a(NLR Aleph) 000500021 | ||
| 090 |
_a1167685 _c1167685 |
||
| 100 | _a20031229d2003 |||y0rusy50 ca | ||
| 101 | 0 | _arus | |
| 102 | _aRU | ||
| 105 | _aa ||||||||| | ||
| 106 | _ar | ||
| 200 | 1 |
_aДипломное проектирование _eУчеб. пособие для студентов, обучающихся по направлению 653500 "Стр-во" _e[По спец. 071900, рук. диплом. проектирования, консультантов, рецензентов] _fВ.Д. Былкин, Т.А. Глебова, Н.Б. Залялов, И.В. Попченков _gПод общ. ред. проф. А.Н. Кошева _gМ-во образования Рос. Федерации, Пенз. гос. ун-т архит. и стр-ва |
|
| 210 |
_aПенза _cИзд-во ПГУАС _d2003 _eОП ПГУАС |
||
| 215 |
_a115, [1] с. _cил. _d21 |
||
| 225 | 1 | _aУчебное пособие | |
| 300 | _aНа обл. авт. не указаны | ||
| 320 | _aБиблиогр.: с. 65-66 (30 назв.) и в тексте | ||
| 606 | 1 |
_aСтроительное дело _jДипломное проектирование _jУчебные издания для высших учебных заведений _91024046 _3RU\NLR\auth\6674089 |
|
| 606 | 1 |
_aСтроительное дело _xДипломное проектирование _92335175 _3RU\NLR\auth\661396177 |
|
| 686 | 1 | _aН.я73-5 | |
| 701 | 1 |
_aБылкин _bВ. Д. _gВладимир Дмитриевич _4070 |
|
| 701 | 1 |
_aГлебова _bТ. А. _gТатьяна Александровна _4070 |
|
| 701 | 1 |
_aЗалялов _bН. Б. _gНаиль Бурганович _4070 |
|
| 701 | 1 |
_aПопченков _bИ. В. _gИгорь Владимирович _4070 |
|
| 702 | 1 |
_aКошев _bА. Н. _gАлександр Николаевич _4340 |
|
| 801 | 0 |
_aRU _bRuMoRKP _c20031229 _gPSBO |
|
| 801 | 1 |
_aRU _bRuMoRKP _c20031229 |
|
| 801 | 2 |
_aRU _bNLR _c20040402 _gPSBO |
|
| 830 | _aАвт. по кн., ред. по базе | ||
| 942 | _cBOOK | ||
| 980 | _aNB | ||
| 980 | _aNBR | ||